The single survey (Record no. 109056)
[ view plain ]
| 000 -LEADER | |
|---|---|
| fixed length control field | 01818cad a22002415a 4500 |
| 001 - CONTROL NUMBER | |
| control field | E146122 |
| 008 - FIXED-LENGTH DATA ELEMENTS--GENERAL INFORMATION | |
| fixed length control field | 081211s2008 xxk f 000 0 eng d |
| 035 ## - SYSTEM CONTROL NUMBER | |
| System control number | (Sirsi) u146122 |
| 041 0# - LANGUAGE CODE | |
| Language code of text/sound track or separate title | eng |
| 050 04 - LIBRARY OF CONGRESS CALL NUMBER | |
| Classification number | 333.332 $2 18 |
| 110 2# - MAIN ENTRY--CORPORATE NAME | |
| Corporate name or jurisdiction name as entry element | Royal Institution of Chartered Surveyors |
| Subordinate unit | Scottish Branch |
| 9 (RLIN) | 830 |
| 245 04 - TITLE STATEMENT | |
| Title | The single survey |
| Remainder of title | property inspection technical guidance for the completing of single surveys |
| Medium | [electronic resource] |
| 260 ## - PUBLICATION, DISTRIBUTION, ETC. | |
| Place of publication, distribution, etc. | Edinburgh |
| Name of publisher, distributor, etc. | RICS |
| Date of publication, distribution, etc. | 2008 |
| 505 2# - FORMATTED CONTENTS NOTE | |
| Formatted contents note | Introduction -- Part 1 RICS Scotland mandatory requirements: suitability of properties for the single survey; professional indemnity insurance; instructions; confirming instructions; preparing for the inspection; inspection; timescales; fees; records and files; security of information; health and safety risks; the single survey report; condition ratings; enquiries into the completed single survey; complaints and claims -- Part 2 General guidance: receiving instructions; inspection; tools; record keeping; health and safety risks; data protection; report writing -- Annex A RICS model engagement letter and terms and conditions -- Annex B properties exempted by the Regulations |
| 520 ## - SUMMARY, ETC. | |
| Summary, etc. | Offers guidance on the completion of single surveys, which form part of the new Home Report in Scotland. |
| 521 ## - TARGET AUDIENCE NOTE | |
| Target audience note | Advanced |
| 590 ## - LOCAL NOTE (RLIN) | |
| Local note | KA NTK |
| 650 24 - SUBJECT ADDED ENTRY--TOPICAL TERM | |
| Topical term or geographic name entry element | SCOTTISH SINGLE SURVEY SCHEME |
| 651 #4 - SUBJECT ADDED ENTRY--GEOGRAPHIC NAME | |
| Geographic name | Scotland |
| Chronological subdivision | 1999- |
| 690 ## - LOCAL SUBJECT ADDED ENTRY--TOPICAL TERM (OCLC, RLIN) | |
| Topical term or geographic name as entry element | PROPERTY-RESIDENTIAL PROPERTY-ACQUISITION AND DISPOSAL OF RESIDENTIAL PROPERTY-HOME BUYING REFORM |
| 856 40 - ELECTRONIC LOCATION AND ACCESS | |
| Uniform Resource Identifier | <a href="https://www.rics.org/globalassets/rics-website/media/upholding-professional-standards/sector-standards/building-surveying/property-inspection-technical-guidance-for-the-completing-of-single-surveys-rics.pdf">https://www.rics.org/globalassets/rics-website/media/upholding-professional-standards/sector-standards/building-surveying/property-inspection-technical-guidance-for-the-completing-of-single-surveys-rics.pdf</a> |
| Public note | View the guidance free of charge at www.rics.org |
| 942 ## - ADDED ENTRY ELEMENTS (KOHA) | |
| Suppress in OPAC | 0 |
| Source of classification or shelving scheme | Dewey Decimal Classification |
| Withdrawn status | Lost status | Source of classification or shelving scheme | Damaged status | Not for loan | Home library | Current library | Shelving location | Date acquired | Total Checkouts | Full call number | Barcode | Date last seen | Copy number | Price effective from | Koha item type |
|---|---|---|---|---|---|---|---|---|---|---|---|---|---|---|---|
| Dewey Decimal Classification | Virtual | Virtual | Online | 11/12/2008 | ONLINE PUBLICATION | 146122-2001 | 06/08/2019 | 1 | 06/08/2019 | Book |